000 00241nam a2200097Ia 4500
001 1093805
005 20250827002944.0
008 250824s9999 xx 000 0 und d
245 0 _aHACI MURAT
_cTOLSTOY
260 _bANTİK DÜNYA KLASİKLERİ
999 _c1093805
_d1093805